000 00875nam a2200241 a 4500
001 77943
003 BD-RjUL
005 20220110154444.0
008 210214s14241959ua 000 0 ara d
035 _a(BD-RjUL)78169
040 _dUkOxU
_aBD-RjUL
_beng
_cBD-RjUL
041 _aara
066 _c(3
082 _223
_a297.122601
_bWAA 1959
100 1 _aواحدي أبي الحسن علي بن أحمد ;; Wāḥidī, Abū al-Ḥasan ʿAlī ibn Aḥmad,
_d-1075 or 1076.
_9244913
245 1 0 _aأسباب النزول ;; Asbāb al-nuzūl /
_c أبي الحسن علي بن أحمد الواحدي ;; Abī al-Ḥasan ʿAlī ibn Aḥmad al-Wāḥidī
260 _6880-03
_aMiṣr :
_bDar al Hadith ,
_c1424 [2003]
300 _a380 p. ;
_c25 cm.
650 _aQuran
_9244914
650 _aRevelation--Islam
_9244915
650 _aHermeneutics
_9244916
942 _2ddc
_cBK
999 _c77943
_d77943